Fisioterapia manual: columna

Saved in:
Bibliographic Details
Main Authors: Kaltenborn, Freddy M (Author), Evjenth, Olaf (Author), Kalterborn, Traudi Baldauf (Author), Vollowitz, Eileen (Author)
Format: Book
Language:Spanish
Published: Madrid McGraw-Hill 2000
Edition:1a. ed
Subjects:
Tags: Add Tag
No Tags, Be the first to tag this record!

MARC

LEADER 00000nam a2200000 a 4500
001 UCN3709
003 CL-VaPUC
005 20231116113702.0
008 010706e20000000SP |||||||||||||||||spa|d
999 |c 296493  |d 296491 
020 |a 8448603079 
040 |c Pontificia Universidad Católica de Valparaíso 
082 0 4 |a 615.82  |b KAL  |2 21 
100 |a Kaltenborn, Freddy M  |e author  |9 496313 
245 1 0 |a Fisioterapia manual: columna 
250 |a 1a. ed 
260 |a Madrid  |b McGraw-Hill  |c 2000 
300 |a 291 p 
583 |a last modification  |c 20010706 00:00:00  |k Rodrigo Vera 
650 0 |a Fisioterapia  |9 307408 
650 0 |a Columna vertebral  |9 307410  |x Exploración clínica (Diagnóstico) 
650 0 |a Pelvis  |9 344508 
700 0 |a Evjenth, Olaf  |e author  |9 460367 
700 0 |a Kalterborn, Traudi Baldauf  |e author  |9 460368 
700 0 |a Vollowitz, Eileen  |e author  |9 460369 
942 |c BK  |2 ddc 
945 |d 20010706 00:00:00  |a cmena 
952 |0 0  |1 0  |4 0  |6 615_820000000000000_KAL_2000  |7 0  |8 A  |9 350286  |a BIBCUR  |b BIBCUR  |d 2019-11-20  |i 3738159  |l 1  |o 615.82 KAL 2000  |p 3738159  |r 2025-04-22  |s 2023-09-12  |w 2019-11-20  |y BK  |k KIN 
952 |0 0  |1 0  |4 0  |6 615_820000000000000_KAL_2000  |7 0  |8 A  |9 350287  |a BIBCUR  |b BIBCUR  |d 2019-11-20  |i 3738167  |o 615.82 KAL 2000  |p 3738167  |r 2025-04-22  |w 2019-11-20  |y BK  |k KIN 
952 |0 0  |1 0  |4 0  |6 615_820000000000000_KAL_2000  |7 0  |8 A  |9 350288  |a BIBCUR  |b BIBCUR  |d 2019-11-20  |i 3738175  |o 615.82 KAL 2000  |p 3738175  |r 2025-04-22  |w 2019-11-20  |y BK  |k KIN 
952 |0 0  |1 0  |4 0  |6 615_820000000000000_KAL_2000  |7 0  |8 A  |9 350289  |a BIBCUR  |b BIBCUR  |d 2019-11-20  |i 3738183  |o 615.82 KAL 2000  |p 3738183  |r 2025-04-22  |w 2019-11-20  |y BK  |k KIN 
952 |0 0  |1 0  |4 0  |6 615_820000000000000_KAL_2000  |7 0  |8 A  |9 350290  |a BIBCUR  |b BIBCUR  |d 2019-11-20  |i 1088874  |l 1  |o 615.82 KAL 2000  |p 1088874  |r 2025-04-22  |s 2022-06-07  |w 2019-11-20  |y BK  |k KIN